Chelsea F.C 2000-01 Squad Nationalities - Statistics

General Stats
  • This quiz has been taken 580 times
  • The average score is 23 of 26
Answer Stats
Hint Answer % Correct
Gk: Kevin Hitchcock England
100%
Def: Graeme Le Saux England
100%
Def: John Terry England
100%
Def: Jon Harley England
100%
Mid: Dennis Wise England
100%
Mid: Jody Morris England
100%
Def: Frank Lebouef France
99%
Def: Marcel Desailly France
99%
Def: Bernard Lambourde France
99%
Gk: Carlo Cudicini Italy
99%
Mid: Roberto Di Matteo Italy
99%
Mid: Samuele Dalla Bona Italy
99%
For: Gianfranco Zola Italy
99%
Gk: Ed de Goey Netherlands
95%
Def: Winston Bogarde Netherlands
95%
Def: Mario Melchiot Netherlands
95%
For: Jimmy Floyd Hasselbaink Netherlands
95%
For: Eidur Gudjohnsen Iceland
89%
Mid: Slavisa Jokanovic Serbia and Montenegro
87%
Mid: Albert Ferrer Spain
87%
For: Jesper Gronkjaer Denmark
82%
For: Mario Stanic Croatia
77%
Def: Celestine Babayaro Nigeria
71%
Mid: Gustavo Poyet Uruguay
65%
Gk: Mark Bosnich Australia
61%
For: Rati Aleksidze Georgia
48%
No matching quizzes found
Score Distribution
Percent of People with Each Score
Percentile by Number Answered
Your Score History
You have not taken this quiz